La vida cotidiana de los aztecas en vísperas de la conquista (Record no. 10528)

MARC details
000 -CABECERA
campo de control de longitud fija 01073nam a2200289 a 4500
001 - NÚMERO DE CONTROL
campo de control BRL_1720
005 - FECHA Y HORA DE LA ÚLTIMA TRANSACCIÓN
campo de control 20190320211335.0
008 - DATOS DE LONGITUD FIJA--INFORMACIÓN GENERAL
campo de control de longitud fija 290514s1956----mx-ao#####---#000-0#spa-#
041 ## - CÓDIGO DE LENGUA
Código de lengua del texto/banda sonora o título independiente spa
044 ## - CÓDIGO DEL PAÍS DE LA ENTIDAD EDITORA/PRODUCTORA
Código MARC del país mx
050 #4 - SIGNATURA TOPOGRÁFICA DE LA BIBLIOTECA DEL CONGRESO
Número de clasificación F1219.76.S64
Número de documento/Ítem .S68 1956
100 1# - ENTRADA PRINCIPAL--NOMBRE DE PERSONA
Nombre de persona Soutelle, Jacques
Fechas asociadas al nombre 1912-
9 (RLIN) 27725
245 10 - MENCIÓN DE TÍTULO
Título La vida cotidiana de los aztecas en vísperas de la conquista
Mención de responsabilidad, etc. Jacques Soustelle ; versión española de Carlos Villegas.
260 ## - PUBLICACIÓN, DISTRIBUCIÓN, ETC.
Lugar de publicación, distribución, etc. México
Nombre del editor, distribuidor, etc. Fondo de Cultura Económica
Fecha de publicación, distribución, etc. 1956
300 ## - DESCRIPCIÓN FÍSICA
Extensión 283 p.
Otras características físicas il., láminas
Dimensiones 24 cm.
440 #0 - MENCIÓN DE SERIE/PUNTO DE ACCESO ADICIONAL--TÍTULO
Título Sección de obras de antropología
9 (RLIN) 27726
500 ## - NOTA GENERAL
Nota general Au1816
500 ## - NOTA GENERAL
Nota general Traducción de: La vie quotidienne des Aztèques a la veille de la conquête espagnole
500 ## - NOTA GENERAL
Nota general Incluye índice de láminas y de figuras
500 ## - NOTA GENERAL
Nota general Estado físico: camisa rota
504 ## - NOTA DE BIBLIOGRAFÍA, ETC.
Nota de bibliografía, etc. Bibliografía: p. 274 - 275
650 14 - PUNTO DE ACCESO ADICIONAL DE MATERIA--TÉRMINO DE MATERIA
Término de materia o nombre geográfico como elemento de entrada Aztecas
Subdivisión general Vida social y costumbres
9 (RLIN) 25874
650 14 - PUNTO DE ACCESO ADICIONAL DE MATERIA--TÉRMINO DE MATERIA
Término de materia o nombre geográfico como elemento de entrada Indígenas de México
Subdivisión general Vida social y costumbres
9 (RLIN) 10614
700 1# - PUNTO DE ACCESO ADICIONAL--NOMBRE DE PERSONA
Nombre de persona Villegas, Carlos
Término indicativo de función/relación tr.
9 (RLIN) 27727
902 ## - CATALOGADOR
Iniciales GRL
942 ## - ELEMENTOS DE PUNTO DE ACCESO ADICIONAL (KOHA)
Fuente del sistema de clasificación o colocación Library of Congress Classification
Tipo de ítem Koha Libros
Holdings
Estado de retiro Estado de pérdida Estado dañado No para préstamo Localización permanente Ubicación/localización actual Fecha de adquisición Número de inventario Total de préstamos Signatura topográfica completa Código de barras Fecha visto por última vez Precio válido a partir de Tipo de ítem Koha
El ejemplar forma parte de la colección y puede ser consultado según las políticas vigentes.       Biblioteca Centro de Estudios Ruth D. Lechuga Biblioteca Centro de Estudios Ruth D. Lechuga 29/05/2014 Au1816   F1219.76.S64 .S68 1956 (Au1816) GRL01886 22/03/2019 22/03/2019 Libros